The curious book of lists / (Record no. 49489)
| 000 -LEADER | |
|---|---|
| fixed length control field | 01321nam a2200193 4500 |
| 016 7# - NATIONAL BIBLIOGRAPHIC AGENCY CONTROL NUMBER | |
| Record control number | 019494513 |
| Source | Uk |
| 020 ## - INTERNATIONAL STANDARD BOOK NUMBER | |
| International Standard Book Number | 9780753444870 (hbk.) : |
| Terms of availability | £12.99 |
| 082 ## - DEWEY DECIMAL CLASSIFICATION NUMBER | |
| Classification number | 032.02 |
| 100 1# - MAIN ENTRY--PERSONAL NAME | |
| Personal name | Turner, Tracey, |
| Relator term | author. |
| 9 (RLIN) | 57014 |
| 245 14 - TITLE STATEMENT | |
| Title | The curious book of lists / |
| Statement of responsibility, etc | Tracey Turner and Caroline Selmes. |
| Remainder of title | 263 fun fascinating and fact-filled lists. |
| 260 ## - PUBLICATION, DISTRIBUTION, ETC. (IMPRINT) | |
| Place of publication, distribution, etc | London ; |
| Name of publisher, distributor, etc | Kingfisher : |
| Date of publication, distribution, etc | October 15, 2019. |
| 300 ## - PHYSICAL DESCRIPTION | |
| Extent | 160 pages : |
| Other physical details | illustrations (colour) ; |
| Dimensions | 25 cm. |
| 490 ## - SERIES STATEMENT | |
| Series statement | Curious Lists |
| 500 ## - GENERAL NOTE | |
| General note | Do you want to know the 12 signs of the zodiac, 28 unusual holidays, and 49 countries without a coastline?<br/><br/>Then look no further because The Curious Book of Lists by Tracey Turner is absolutely bursting with 263 interesting and informative lists, guaranteed to keep you entertained and increase your general knowledge at the same time!<br/><br/>Discover Ancient Greek monsters, animal astronauts, dizzying mountain peaks, super-fast roller-coasters . . . and what having itchy hands means for your luck!<br/><br/>With quirky, colorful illustrations by Caroline Selmes, this is a great gift purchase but also a book to buy for yourself! |
| 650 #0 - SUBJECT ADDED ENTRY--TOPICAL TERM | |
| Topical term or geographic name as entry element | Children's questions and answers. |
| 9 (RLIN) | 31221 |
| 650 #0 - SUBJECT ADDED ENTRY--TOPICAL TERM | |
| Topical term or geographic name as entry element | Curiosities and wonders |
| Form subdivision | Juvenile literature. |
| 700 ## - ADDED ENTRY--PERSONAL NAME | |
| Personal name | Selmes, Caroline, |
| Relator term | illustrator. |
| 9 (RLIN) | 86649 |
| 942 ## - ADDED ENTRY ELEMENTS (KOHA) | |
| Source of classification or shelving scheme | |
| Koha item type | Book |
| Withdrawn status | Lost status | Source of classification or shelving scheme | Damaged status | Not for loan | Home library | Current library | Date acquired | Total Checkouts | Full call number | Barcode | Date last seen | Date checked out | Price effective from | Koha item type |
|---|---|---|---|---|---|---|---|---|---|---|---|---|---|---|
| Logos International School | Logos International School | 09/03/2025 | 1 | J 032.02 TUR | 042953 | 01/30/2026 | 01/23/2026 | 09/03/2025 | Book |